KaLidAsa virachita abhijnAnashAkuntalam: 4 mattu 5nE anka (Record no. 143010)
[ view plain ]
| 000 -LEADER | |
|---|---|
| fixed length control field | 00883nam a2200325Ia 4500 |
| 003 - CONTROL NUMBER IDENTIFIER | |
| control field | OSt |
| 005 - DATE AND TIME OF LATEST TRANSACTION | |
| control field | 20251003115445.0 |
| 008 - FIXED-LENGTH DATA ELEMENTS--GENERAL INFORMATION | |
| fixed length control field | 210210b2007 xxu||||| |||| 00| 0 eng d |
| 040 ## - CATALOGING SOURCE | |
| Transcribing agency | AL |
| 041 ## - LANGUAGE CODE | |
| Language code of text/sound track or separate title | eng |
| 082 ## - DEWEY DECIMAL CLASSIFICATION NUMBER | |
| Classification number | S891.2K BHAK |
| 100 ## - MAIN ENTRY--PERSONAL NAME | |
| Personal name | Bhat G N Ed |
| 9 (RLIN) | 241311 |
| 245 ## - TITLE STATEMENT | |
| Title | KaLidAsa virachita abhijnAnashAkuntalam: 4 mattu 5nE anka |
| 260 ## - PUBLICATION, DISTRIBUTION, ETC. | |
| Place of publication, distribution, etc. | MangaLuru |
| Name of publisher, distributor, etc. | Mangaluru Vishvavidyanilaya Samskrata Shikshaka Sangha |
| Date of publication, distribution, etc. | 2007 |
| 300 ## - PHYSICAL DESCRIPTION | |
| Extent | xx,108p |
| 650 ## - SUBJECT ADDED ENTRY--TOPICAL TERM | |
| Topical term or geographic name entry element | virachita |
| 9 (RLIN) | 241312 |
| 650 ## - SUBJECT ADDED ENTRY--TOPICAL TERM | |
| Topical term or geographic name entry element | tratIya |
| 9 (RLIN) | 241313 |
| 650 ## - SUBJECT ADDED ENTRY--TOPICAL TERM | |
| Topical term or geographic name entry element | semister |
| 9 (RLIN) | 241314 |
| 650 ## - SUBJECT ADDED ENTRY--TOPICAL TERM | |
| Topical term or geographic name entry element | mattu |
| 9 (RLIN) | 241315 |
| 650 ## - SUBJECT ADDED ENTRY--TOPICAL TERM | |
| Topical term or geographic name entry element | KaLidAsa |
| 9 (RLIN) | 241316 |
| 650 ## - SUBJECT ADDED ENTRY--TOPICAL TERM | |
| Topical term or geographic name entry element | dvitIya |
| 9 (RLIN) | 241317 |
| 650 ## - SUBJECT ADDED ENTRY--TOPICAL TERM | |
| Topical term or geographic name entry element | BCom |
| 9 (RLIN) | 241318 |
| 650 ## - SUBJECT ADDED ENTRY--TOPICAL TERM | |
| Topical term or geographic name entry element | anka: |
| 9 (RLIN) | 241319 |
| 650 ## - SUBJECT ADDED ENTRY--TOPICAL TERM | |
| Topical term or geographic name entry element | abhijnAnashAkuntalam: |
| 9 (RLIN) | 241320 |
| 650 ## - SUBJECT ADDED ENTRY--TOPICAL TERM | |
| Topical term or geographic name entry element | 5nE |
| 9 (RLIN) | 241321 |
| 650 ## - SUBJECT ADDED ENTRY--TOPICAL TERM | |
| Topical term or geographic name entry element | 4 |
| 9 (RLIN) | 241322 |
| 690 ## - LOCAL SUBJECT ADDED ENTRY--TOPICAL TERM (OCLC, RLIN) | |
| Topical term or geographic name as entry element | Sanskrit Drama |
| 9 (RLIN) | 241323 |
| 906 ## - LOCAL DATA ELEMENT F, LDF (RLIN) | |
| a | 065501 |
| 942 ## - ADDED ENTRY ELEMENTS (KOHA) | |
| Source of classification or shelving scheme | Dewey Decimal Classification |
| Koha item type | Book |
| Withdrawn status | Lost status | Damaged status | Not for loan | Collection code | Home library | Current library | Shelving location | Date acquired | Source of acquisition | Cost, normal purchase price | Total Checkouts | Full call number | Barcode | Date last seen | Price effective from | Koha item type |
|---|---|---|---|---|---|---|---|---|---|---|---|---|---|---|---|---|
| Sanskrit | St Aloysius Library | St Aloysius Library | 02/17/2021 | Akhila Karnataka Samskrita Parishad, Karangalpady, Mangalore-3 | 100.00 | S891.2K BHAK | 065501 | 02/17/2021 | 02/17/2021 | Book |